History Quiz

Random History or State Quiz

Female Senators (US) Quiz Stats

 Plays Quiz Updated Jan 20, 2021

Support Sporcle.
Go Orange.
Score 0/58 Timer 08:00
0 Plays Today
Years served Senator % Correct
2001-2009Hillary Rodham Clinton
90.7%
2017-2021Kamala Harris
83.7%
2018-Tina Smith
78.3%
2013-Elizabeth Warren
78.2%
2019-Kyrsten Sinema
73.6%
1993-2017Barbara Boxer
72.5%
2020-2021Kelly Loeffler
72.1%
1992-Dianne Feinstein
71.2%
2019-2020Martha McSally
71.2%
2017-Tammy Duckworth
70.8%
2019-Marsha Blackburn
66.5%
2015-Joni Ernst
65.9%
1995-2013Olympia Jean Snowe
65.7%
2003-2009Elizabeth Dole
62.5%
2013-Tammy Baldwin
60.8%
1997-Susan Collins
60.3%
2018-Cindy Hyde-Smith
59.7%
2017-Maggie Hassan
59.3%
2013-Mazie Hirono
56.4%
2009-Kirsten E. Gillibrand
55.8%
2015-Shelley Moore Capito
55.7%
2017-Catherine Cortez Masto
55.4%
2019-Jacky Rosen
54.8%
2013-2019Heidi Heitkamp
53.7%
2002-Lisa Murkowski
53.5%
2007-2019Claire McCaskill
50.2%
2021-Cynthia Lummis
48.9%
2013-Deb Fischer
48.2%
1993-Patty Murray
48%
Years served Senator % Correct
2007-Amy Klobuchar
47.2%
1949-1973Margaret Chase Smith
47.1%
1997-2015Mary Landrieu
46.1%
1993-2013Kay Bailey Hutchison
45.9%
2001-Deborah Stabenow
45.4%
2009-Jeanne Shaheen
45.3%
1987-2017Barbara Mikulski
43.5%
1999-2011Blanche Lincoln
42.9%
2001-Maria Cantwell
40.5%
2009-2015Kay R. Hagan
39.1%
1993-1999Carol Moseley Braun
36.7%
2001-2002Jean Carnahan
31.1%
2011-2017Kelly Ayotte
26.5%
1978-1997Nancy Landon Kassebaum
19.7%
1935-1937Rose McConnell Long
17.6%
1978Muriel Humphrey
15.5%
1981-1987Paula Hawkins
12.8%
1931-1945Hattie Wyatt Caraway
12.5%
1992Jocelyn Burdick
12%
1922Rebecca Latimer Felton
11.8%
1972Elaine S. Edwards
10.8%
1996Sheila Frahm
10.8%
1960-1967Maurine Brown Neuberger
8.6%
1978Maryon Allen
8.4%
1937-1938Dixie Bibb Graves
7.7%
1938-1939Gladys Pyle
7.1%
1948Vera Cahlan Bushfield
6.8%
1954Hazel Hempel Abel
6.7%
1954Eva Kelly Bowring
6.3%

From the Vault

European Countries with a 'G'

by PrincessMartell

Geography 90s
Everybody likes a little European 'G'-ography..
Remove Ads.
Support Sporcle.
Get the best of Sporcle when you Go Orange. This ad-free experience offers more features, more stats, and more fun while also helping to support Sporcle. Thank you for becoming a member.

Show Comments

Extras

Top Quizzes Today


Score Distribution

Your Account Isn't Verified!

In order to create a playlist on Sporcle, you need to verify the email address you used during registration. Go to your Sporcle Settings to finish the process.

Report this User

Report this user for behavior that violates our Community Guidelines.

Details: